| 000 | 00637nam a2200205 a 4500 | ||
|---|---|---|---|
| 005 | 20210223120410.0 | ||
| 008 | 991125s1971 ag 000 0 spa u | ||
| 035 | _aUPN01000000196 | ||
| 049 | _aCG | ||
| 050 | 4 |
_aHV77 _bA4.3 |
|
| 100 | 1 |
_aAlayón, Norberto Ricardo, _d1945- _930351 |
|
| 245 | 1 | 0 |
_aABC del trabajo social latinoamericano / _cAlayon Norberto, Barreix Juan, Cassineri Ethel. |
| 260 |
_aBuenos Aires : _bEcro, _c1971. |
||
| 300 | _a279 p. | ||
| 440 | 0 |
_aTemas de T. S. ; _v5 |
|
| 650 | 4 |
_aSERVICIO SOCIAL - _zAMERICA LATINA _915956 |
|
| 700 | 1 |
_aBarreix, Juan, _ecoaut. |
|
| 700 | 1 |
_aCassineri, Ethel, _ecoaut. |
|
| 905 | _aLibro | ||
| 999 |
_c196 _d196 |
||